00958nam a2200253 i 450000100060000000300090000600500170001500700030003200800410003502000180007608000110009424501740010526000380027930000220031749000240033965000390036370000280040270000300043070000280046083000440048885200330053299900170056595201220058219216ES-MaACL20250827232740.0t|020702s2002 sp ||||1| spa d a84-8432-314-5 a82.09100aIntroducción a la literatura comparada / cal cuidado de Armando Gnisci ; Franca Sinopoli ... [et al.] ; traducción y adaptación bibliográfica de Luigi Giuliani. aBarcelona : bCrítica, c[2002] a534 p. ; c23 cm.1 aLetras de humanidad17aLiteratura comparada2embne9145281 aGnisci, Armando.9574751 aSinopoli, Franca.91066481 aGiuliani, Luigi.95736200aLetras de humanidad (Crítica)9180478 aES-MaACLjL-25650 bR.131424 c19216d19216 00104070aATENEOMbATENEOMcDEPO2d2008-01-17eSCl0oL-25650p1019662r2023-02-23 00:00:00w2023-02-23yMONOGRAFIA